Maduración y post-recolección de frutos y hortalizas
Enregistré dans:
| Auteurs principaux: | , |
|---|---|
| Format: | Livre |
| Langue: | espagnol |
| Publié: |
Madrid
Consejo Superior de Investigaciones Científicas
2003
|
| Collection: | Biblioteca de Ciencias, 12
|
| Sujets: | |
| Tags: |
Ajouter un tag
Pas de tags, Soyez le premier à ajouter un tag!
|
MARC
| LEADER | 00000cam a2200000 a 4500 | ||
|---|---|---|---|
| 001 | UCF1619 | ||
| 003 | CL-VaPUC | ||
| 008 | 120711e20030000SP |||||||||||||||||spa|d | ||
| 020 | |a 8400081854 | ||
| 082 | 0 | 4 | |a 634.04 |b MER |2 21 |
| 100 | |a Merodio, Carmen |e autora |9 563097 | ||
| 700 | 0 | |a Escribano, María Isabel |e author |9 563098 | |
| 245 | 1 | 0 | |a Maduración y post-recolección de frutos y hortalizas |
| 300 | |a 445 p | ||
| 942 | |c BK | ||
| 945 | |d 20120711 00:00:00 |a dcastane | ||
| 260 | |a Madrid |b Consejo Superior de Investigaciones Científicas |c 2003 | ||
| 650 | 0 | |a Fruticultura |9 259678 | |
| 650 | 0 | |a Reproducción |9 269783 | |
| 650 | 7 | |a SISTEMAS DE CULTIVO |2 CL-VaPUC |9 364794 | |
| 650 | 7 | |a FRUTOS |2 CL-VaPUC |9 563099 | |
| 650 | 7 | |a MADURACION |2 CL-VaPUC |9 264873 | |
| 650 | 0 | |a Postcosecha |9 325633 | |
| 650 | 0 | |a Hortalizas |9 259501 | |
| 583 | |a last modification |c 20190124 12:17:06 |k Rodrigo Vera | ||
| 490 | 0 | |a Biblioteca de Ciencias, 12 | |
| 999 | |c 348315 |d 348313 | ||
| 952 | |0 0 |1 0 |4 0 |6 634_040000000000000_MER_2003 |7 0 |8 A |9 450286 |a BIBAGR |b BIBAGR |d 2019-11-22 |i 4881753 |o 634.04 MER 2003 |p 4881753 |r 2025-01-20 |w 2019-11-22 |y BK |k AGR | ||